000 00995nam a22002777a 4500
003 CHAP
005 20220817041711.0
008 971013s1981 r 00010 d
010 _a21938
011 _a22910
035 _a27005
040 _cCHAP
082 _a378
_bA88r
110 _aAsociación Nacional de Universidades e Institutos de Enseñanza Superior. México
_98095
245 _aRelato de la reunión extraordinaria de la asamblea general de la Asociación... celebrada el día 24 de abril de 1981, en elhotel Diplomático de la Cd. de México
260 _aMéxico, D.F. :
_bANUIES,
_c1981
300 _aca. 65 h
590 _aBATCH-UPD
_b10
_c20130110
_lUCH01
_h1927
590 _aBATCH-UPD
_b10
_c20130410
_lUCH01
_h1252
590 _aBATCH-UPD
_b10
_c20130914
_lUCH01
_h1244
590 _aCONVERSION
_b10
_c20130109
_lUCH01
_h1313
650 1 4 _aEducación superior.
901 _aBK
942 _cLIBRO
949 _a378 A88r
_bBC
_cLIBRO
_d33724000439691
_eLIBRO
_h66007
_i27005
_mD
_si
999 _c21938
_d21938